Normal view
MARC view
Entry Personal Name
001 - CONTROL NUMBER
- control field: 15848
003 - CONTROL NUMBER IDENTIFIER
- control field: HDC
005 - DATE AND TIME OF LATEST TRANSACTION
- control field: 20230624073452.0
008 - FIXED-LENGTH DATA ELEMENTS
- fixed length control field: 210219|| aca||aabn | a|a d
040 ## - CATALOGING SOURCE
- Original cataloging agency: HDC
- Transcribing agency: HDC
100 ## - HEADING--PERSONAL NAME
- Personal name: Mohd Azrone Sarabatin, Haika Khazi & Ahmad Suhael Adnan
670 ## - SOURCE DATA FOUND
- Source citation: Work cat.: (HDC): Mohd Azrone Sarabatin, Haika Khazi & Ahmad Suhael Adnan / author, Sokong hasil Bumiputera /
